000 00841nam a2200265Ia 4500
003 OSt
005 20220930092150.0
006 a|||||r|||| 00| 0
007 ta
008 220926b |||||||| |||| 00| 0 eng d
024 _a12475
037 _cTheses
040 _aCRL
_cCRL
_beng
041 _2eng
_aeng
100 _aDahiya Davinder Au.
_9548023
110 _aUniversity of Delhi. Faculty of Medical Sciences. Department of Surgery
245 0 _aClinical, radiological, cytological and microbiological assessment of epidiymal lesions
260 _c2013
300 _a117p.
_ap.
_ccm.
650 _aSURGERY
700 _a Agrawal Vivek Gu.
_9548024
700 _aUniversity of Delhi. Faculty of Medical Sciences. Department of Surgery
942 _cDIS
_2CC
999 _c883337
_d883337